<The> Bank, the states, and the market <an> Austro-Hungarian tale for Euroland, 1867-1914

Salvato in:
Dettagli Bibliografici
Autore principale: Flandreau, Marc
Natura: Libro
Lingua:inglese
Pubblicazione: Wien Oesterreichische Nationalbank 2001
Serie:Working Paper 43
Soggetti:
Tags: Aggiungi Tag
Nessun Tag, puoi essere il primo ad aggiungerne!!

MARC

LEADER 00000nam a2200000 4500
001 c125153
005 20221221091424.1
041 0 |a eng 
044 |a AT 
245 1 0 |a <The> Bank, the states, and the market  |b <an> Austro-Hungarian tale for Euroland, 1867-1914  |c Marc Flandreau 
264 1 |a Wien  |b Oesterreichische Nationalbank  |c 2001 
300 |a 55 s. 
490 1 |a Working Paper  |v 43 
830 0 |a Working Paper  |v 43 
610 2 0 |a banky 
610 2 0 |a bankovníctvo 
610 2 0 |a štát 
610 2 0 |a trh 
610 2 0 |a politika menová 
610 2 0 |a banky centrálne 
610 2 0 |a spolupráca medzinárodná 
610 2 0 |a únie menové 
610 2 0 |a trh kapitálový 
610 2 0 |a úver 
610 2 0 |a bilancie 
610 2 0 |a investície 
610 2 0 |a história 
610 2 0 |a štúdie 
610 2 0 |a Rakúsko 
610 2 0 |a Maďarsko 
610 2 0 |a Európa 
100 1 |a Flandreau, Marc